000 00572nam a22001817a 4500
005 20251108165351.0
008 250721s1993 xx 000 0 ara d
082 1 4 _aم/922.1/خشن
100 1 _aالخشني، أبو الحسن محمد بن عبد السلام
245 1 0 _aطبقات علماء إفريقيا /
264 1 _aالقاهرة :
_bمكتبة مدبولي،
_c1993.
300 _a109ص
650 1 7 _aالإسلام
650 1 7 _aالتراجم
700 1 _aعزب، محمد زينهم محمد
_eتحقيق
942 _2ddc
_cREF
999 _c26179
_d26179